Estudios sociológicos

Saved in:
Bibliographic Details
Main Author: Piaget, Jean (Author)
Format: Book
Language:Spanish
Published: Barcelona Ariel 1977
Series:Colección Demos. Biblioteca de sociología
Subjects:
Tags: Add Tag
No Tags, Be the first to tag this record!

MARC

LEADER 00000nam a2200000 a 4500
001 UCY7312
003 CL-VaPUC
008 950609e19770000SP |||||||||||||||||spa|d
082 0 4 |a 301  |b PIA  |2 21 
100 0 |a Piaget, Jean  |e author  |9 308149 
245 1 0 |a Estudios sociológicos 
300 |a 236 p 
942 |c BK 
945 |d 19950609 00:00:00  |a cmena 
260 |a Barcelona  |b Ariel  |c 1977 
650 0 |a Sociología   |9 255410 
650 0 |a Lógica  |9 256849 
650 0 |a Sociedad  |9 307903 
650 0 |a Psicología social   |9 222894 
650 0 |a Ciencias sociales   |9 256351 
650 7 |a MEDIO SOCIAL  |2 CL-VaPUC  |9 335849 
650 0 |a Ética  |9 255099 
650 0 |a Conceptos morales   |9 310606 
650 7 |a MEDIO HUMANO  |2 CL-VaPUC  |9 337765 
650 7 |a DERECHO  |2 CL-VaPUC  |9 337766 
583 |a last modification  |c 19950609 00:00:00  |k Rodrigo Vera 
490 0 |a Colección Demos. Biblioteca de sociología 
999 |c 234721  |d 234719 
952 |0 0  |1 0  |4 0  |6 301_000000000000000_PIA_1977  |7 0  |8 P  |9 241368  |a BIBEDU  |b BIBEDU  |c BIBEDU_PB  |d 2019-11-18  |i 1517228  |o 301 PIA 1977  |p 1517228  |r 2024-01-25  |w 2019-11-18  |y BK  |k EDU 
952 |0 0  |1 0  |4 0  |6 301_000000000000000_PIA_1977  |7 0  |8 P  |9 241369  |a BIBEDU  |b BIBEDU  |c BIBEDU_PB  |d 2019-11-18  |i 1517236  |o 301 PIA 1977  |p 1517236  |r 2024-01-25  |w 2019-11-18  |y BK  |k EDU 
952 |0 0  |1 0  |4 0  |6 301_000000000000000_PIA_1977  |7 0  |8 A  |9 241370  |a BIBGIM  |b BIBGIM  |d 2019-11-18  |i 337128K  |o 301 PIA 1977  |p 337128K  |r 2025-01-15  |w 2019-11-18  |y BK  |k GIM 
952 |0 0  |1 0  |4 0  |6 301_000000000000000_PIA_1977  |7 0  |8 A  |9 241371  |a BIBGIM  |b BIBGIM  |d 2019-11-18  |i 3371298  |o 301 PIA 1977  |p 3371298  |r 2025-01-15  |w 2019-11-18  |y BK  |k GIM 
952 |0 0  |1 0  |4 0  |6 301_000000000000000_PIA_1977  |7 0  |8 A  |9 241372  |a BIBGIM  |b BIBGIM  |d 2019-11-18  |i 3371301  |o 301 PIA 1977  |p 3371301  |r 2025-01-15  |w 2019-11-18  |y BK  |k GIM 
952 |0 0  |1 0  |4 0  |6 301_000000000000000_PIA_1977  |7 0  |8 A  |9 241373  |a BIBGIM  |b BIBGIM  |d 2019-11-18  |i 3371662  |o 301 PIA 1977  |p 3371662  |r 2025-01-15  |w 2019-11-18  |y BK  |k COM